अपने रीति-रिवाज / (Record no. 36847)

MARC details
000 -LEADER
fixed length control field 00964nam a22002177a 4500
005 - DATE AND TIME OF LATEST TRANSACTION
control field 20100709111925.0
008 - FIXED-LENGTH DATA ELEMENTS--GENERAL INFORMATION
fixed length control field 100709t xxu||||| |||| 00| 0 hin d
010 ## - LCCN (DPL NO)
LC control number HIN-89634
020 ## - INTERNATIONAL STANDARD BOOK NUMBER
International Standard Book Number 9788190721579
Terms of availability 200.00
035 ## - SYSTEM CONTROL NUMBER
System control number HN-61980
037 ## - SOURCE OF ACQUISITION
Source of stock number/acquisition DBAD / PUB
040 ## - CATALOGING SOURCE
Original cataloging agency DPL
Language of cataloging HN
082 ## - DEWEY DECIMAL CLASSIFICATION NUMBER
Classification number 230.64
100 ## - MAIN ENTRY--PERSONAL NAME
Personal name सुमेर चन्द
9 (RLIN) 26155
245 ## - TITLE STATEMENT
Title अपने रीति-रिवाज /
Statement of responsibility, etc सुमेर चन्द
260 ## - PUBLICATION, DISTRIBUTION, ETC. (IMPRINT)
Place of publication, distribution, etc नई दिल्ली
Name of publisher, distributor, etc बुक बैंक इण्डिया
Date of publication, distribution, etc 2009
270 ## - ADDRESS
Address एस-419, (ग्रांउड-फ्लोर), ग्रेटर कैलाश-1
City नई दिल्ली
Postal code 110048
Telephone number 29248888
300 ## - PHYSICAL DESCRIPTION
Extent 168पृ
Dimensions 22सेमी (सजिल्द)
942 ## - ADDED ENTRY ELEMENTS (KOHA)
Source of classification or shelving scheme Dewey Decimal Classification
Item type Hindi Books
Call number suffix सुमेर
Holdings
Withdrawn status Lost status Source of classification or shelving scheme Damaged status Not for loan Collection code Home library Current library Date acquired Source of acquisition Cost, normal purchase price Total Checkouts Full call number Barcode Date last seen Copy number Cost, replacement price Koha item type
    Dewey Decimal Classification   Not For Loan Non-fiction D.B.Act.Division D.B.Act.Division 09/07/2010 DBAD / PUB 200.00   230.64सुमेर HN-61980 09/07/2010 1 200.00 Hindi Books

© Delhi Public Library
Hit Counter
free hit counter